书目信息 |
| 题名: |
体育教学技能微格训练
|
|
| 作者: | 王皋华 著 | |
| 分册: | ||
| 出版信息: | 北京 北京体育大学出版社 2005 |
|
| 页数: | 262页 | |
| 开本: | 23cm | |
| 丛书名: | ||
| 单 册: | ||
| 中图分类: | G807.04 | |
| 科图分类: | ||
| 主题词: | 体育--教学法--师范大学--教材 , 体育 , 教学法 | |
| 电子资源: | ||
| ISBN: | 7-81100-348-1 | |
| 000 | 00816nam0 2200265 450 | |
| 001 | 002964786 | |
| 005 | 20070923091031.26 | |
| 010 | @a7-81100-348-1@dCNY30.00 | |
| 100 | @a20050628d2005 em y0chiy0110 ea | |
| 101 | 0 | @achi |
| 102 | @aCN@b110000 | |
| 105 | @ay z 000yy | |
| 106 | @ar | |
| 200 | 1 | @a体育教学技能微格训练@9ti yu jiao xue ji neng wei ge xun lian@f王皋华著 |
| 210 | @a北京@c北京体育大学出版社@d2005 | |
| 215 | @a262页@d23cm | |
| 300 | @a北京师范大学体育专业特色教材系列 | |
| 330 | @a本书内容包括微格教学概论,教学技能及分类,教学目标的设定技能,语言表达技能,导入技能等十六章。 | |
| 606 | 0 | @a体育@x教学法@x师范大学@j教材 |
| 606 | 0 | @a体育 |
| 606 | 0 | @a教学法 |
| 690 | @aG807.04@v4 | |
| 701 | 0 | @a王皋华@9wang gao hua@c(教授)@4著 |
| 801 | 0 | @aCN@bNLC@c20070923 |
| 905 | @dG807.04@e331 | |
| 体育教学技能微格训练/王皋华著.-北京:北京体育大学出版社,2005 |
| 262页;23cm |
| 北京师范大学体育专业特色教材系列 |
| ISBN 7-81100-348-1:CNY30.00 |
| 本书内容包括微格教学概论,教学技能及分类,教学目标的设定技能,语言表达技能,导入技能等十六章。 |
| ● |
| 相关链接 |
|
|
|
|
正题名:体育教学技能微格训练
索取号:G807.04/331
 
预约/预借
| 序号 | 登录号 | 条形码 | 馆藏地/架位号 | 状态 | 备注 |
| 1 | 0626401 | 206264013 | 第一样本阅览室/ [索取号:G807.04/331] | 在馆 | |
| 2 | 0626402 | 206264022 | 第四借阅区/ [索取号:G807.04/331] | 在馆 | |
| 3 | 0626403 | 206264031 | 第四借阅区/ [索取号:G807.04/331] | 在馆 | |
| 4 | 0626404 | 206264040 | 第四借阅区/ [索取号:G807.04/331] | 在馆 | |
| 5 | 0626405 | 206264059 | 第四借阅区/ [索取号:G807.04/331] | 在馆 |